000 00758nam a2200241 a 4500
001 60377
003 BD-RjUL
005 20211209080830.0
008 161231s1975 ilu b 000 0 eng d
020 _a0695811169
035 _a(BD-RjUL)60501
040 _aDLC
_cDLC
_dDLC
_dBD-RjUL
_beng
041 _aeng
082 0 0 _a371.3943
_223
_bKNS 1975
100 1 _aKnowles, Malcolm S.
_q(Malcolm Shepherd),
_d1913-1997.
_9179683
245 1 0 _aSelf-directed learning :
_ba guide for learners and teachers /
_cMalcolm S. Knowles.
260 _aChicago :
_bAssociation Press,
_cc1975.
300 _a135 p. ;
_c19 cm.
504 _aIncludes bibliographical references.
650 0 _aIndependent study.
_9179684
650 0 _aStudy skills.
_9179685
942 _2ddc
_cBK
999 _c60377
_d60377